000 00421nam a2200145Ia 4500
005 20240625012614.0
008 240331s9999 xx 000 0 und d
082 _a100
_bSWA
100 _aChidbhavananda, Swami
245 0 _aMahabharata :
_bThe philosophy of Humanity for the use of college students
260 _aTirupparaitturai
_bSri Ramakrishna Tapovanam
_c1973
300 _a268 p.,
650 _aPhilosophy
942 _cL
999 _c691
_d691